• 首页
  • 本馆介绍
  • 公告通知
  • 最新文献
  • 馆藏检索
  • 电子资源
  • 读者导购
  • 参考咨询
  • 我的图书馆
  • 登录
  • 详细信息显示
  • 放入我的书架
  • 预约/预借图书
  • 作者相关作品
  • 分类相关作品
  • 丛书相关作品
  • 出版社相关作品

书目信息

  • 表格格式
  • 工作单格式
  • 卡片格式
题名:
林业有害生物控制技术
    
 
作者: 关继东 主编
分册:  
出版信息: 北京   中国林业出版社  2007
页数: 434页
开本: 26cm
丛书名:
单 册:
中图分类: S763
科图分类:
主题词: 森林植物--病虫害防治方法--高等教育--教材 , 森林植物 , 病虫害防治方法
电子资源:
ISBN: 978-7-5038-4491-1
000 00908nam0 2200265 450
001 012015000771
005 20150914163841.95
010    @a978-7-5038-4491-1@dCNY39.00
100    @a20070318d2007 em y0chiy50 ea
101 0  @achi
102    @aCN@b110000
105    @aa z 000yy
106    @ar
200 1  @a林业有害生物控制技术@Alin ye you hai sheng wu kong zhi ji shu@f关继东主编
210    @a北京@c中国林业出版社@d2007
215    @a434页@c图@d26cm
300    @a教育部高职高专教育林业类专业教学指导委员会规划教材
330    @a本书阐述了林业有害生物类群识别、林业有害生物控制原理与措施、农药使用技术、林业有害昆虫控制技术、林业有害真菌控制技术等内容。
606 0  @a森林植物@x病虫害防治方法@x高等教育@j教材
606 0  @a森林植物
606 0  @a病虫害防治方法
690    @aS763@v5
701  0 @a关继东@Aguan ji dong@c(教师)@4主编
801  0 @aCN@b碧洲教育@c20150718
905    @a10447@f4@dS763@e79
    
    林业有害生物控制技术/关继东主编.-北京:中国林业出版社,2007
    434页:图;26cm
    教育部高职高专教育林业类专业教学指导委员会规划教材
    
    ISBN 978-7-5038-4491-1:CNY39.00
    本书阐述了林业有害生物类群识别、林业有害生物控制原理与措施、农药使用技术、林业有害昆虫控制技术、林业有害真菌控制技术等内容。
●
相关链接 在E读中查询图书 在五车中查询图书 在当当中查询图书 在豆瓣中查询图书


正题名:林业有害生物控制技术     索取号:S763/79         预约/预借

序号 登录号 条形码 馆藏地/架位号 状态 备注
1 0848092   208480927   第二样本阅览室/ [索取号:S763/79] 在馆    
2 0848093   208480936   第三借阅区/ [索取号:S763/79] 在馆    
3 0848094   208480945   第三借阅区/ [索取号:S763/79] 在馆    
4 0848095   208480954   第三借阅区/ [索取号:S763/79] 在馆    
唐山师范学院图书馆 欢迎您!
大连网信软件有限公司© 版权所有